MARC details
| 000 -LÍDER |
| campo de controle de tamanho fixo |
01275nas a2200325 4500 |
| 001 - NÚMERO DE CONTROLE |
| campo de controle |
BR8303630 |
| 003 - IDENTIFICADOR DO NÚMERO DE CONTROLE |
| campo de controle |
BR-BrBNA |
| 005 - DATA E HORÁRIO DA ÚLTIMA TRANSAÇÃO |
| campo de controle |
20231205085614.0 |
| 007 - CAMPO FIXO DE DESCRIÇÃO FÍSICA--INFORMAÇÃO GERAL |
| campo de controle de tamanho fixo |
ta |
| 008 - CAMPO DE DADOS FIXOS--INFORMAÇÃO GERAL |
| campo de controle de tamanho fixo |
230509b bl.|||p| |||| 00| 00por d |
| 040 ## - FONTE DA CATALOGAÇÃO |
| Instituição da catalogação original |
BR-BrBNA |
| Idioma da catalogação |
por |
| Instituição que transcreveu o registro |
Biblioteca Nacional de Agricultura |
| 041 ## - CÓDIGO DE IDIOMA |
| Código do idioma do texto/trilha sonora ou título diferente |
(Pt) |
| 072 ## - CÓDIGO DE CATEGORIA DE ASSUNTO |
| Código de Categoria de Assunto |
K10 |
| 100 1# - ENTRADA PRINCIPAL--NOME PESSOAL |
| Nome pessoal |
Pires, I.E. |
| 100 1# - ENTRADA PRINCIPAL--NOME PESSOAL |
| Nome pessoal |
Ferreira, C.A. |
| 111 1# - ENTRADA PRINCIPAL--NOME DO EVENTO |
| Nome do evento ou lugar |
4. Congresso Florestal Brasileiro |
| Local do evento |
Belo Horizonte, MG (Brazil) |
| Data do evento ou assinatura do tratado |
10-15 May 1982 |
| 245 1# - TÍTULO |
| Título |
Potencialidade do Nordeste do Brasil para reflorestamento [Eucalyptus camaldulensis, Eucalyptus tereticornis, Eucalyptus drepanophylla, Eucalyptus cloeziana, Eucalyptus maculata, Pinus oocarpa, Pinus caribaea var. hondurensis, Pinus Kesiya, Eucalyptus exserta, Eucalyptus crebra, Prosopis juliflora, Leucaena leucocephala, Anadenanthera macrocarpa, Tabebuia spp., Mimosa caesalpiniaefolia] |
| 650 ## - ASSUNTO--TERMO TÓPICO |
| Cabeçalho tópico ou nome geográfico |
EUCALIPTO |
| 650 ## - ASSUNTO--TERMO TÓPICO |
| Cabeçalho tópico ou nome geográfico |
PINHEIRO |
| 650 ## - ASSUNTO--TERMO TÓPICO |
| Cabeçalho tópico ou nome geográfico |
ALGAROBA |
| 650 ## - ASSUNTO--TERMO TÓPICO |
| Cabeçalho tópico ou nome geográfico |
LEUCAENA |
| 650 ## - ASSUNTO--TERMO TÓPICO |
| Cabeçalho tópico ou nome geográfico |
ANGICO BRAVO |
| 650 ## - ASSUNTO--TERMO TÓPICO |
| Cabeçalho tópico ou nome geográfico |
IPE |
| 650 ## - ASSUNTO--TERMO TÓPICO |
| Cabeçalho tópico ou nome geográfico |
SABIA |
| 650 ## - ASSUNTO--TERMO TÓPICO |
| Cabeçalho tópico ou nome geográfico |
REFLORESTAMENTO |
| 650 ## - ASSUNTO--TERMO TÓPICO |
| Cabeçalho tópico ou nome geográfico |
REGIAO NORDESTE |
| 773 0# - ENTRADA ANALÍTICA |
| Título |
Silvicultura (Brazil) |
| ISSN - International Standard Serial Number |
ISSN 0100-3615 |
| Partes relacionadas |
(Jan-Feb 1983), v. 8(28) p. 440-445 |
| Número de controle do registro |
BR8303630 |
| 909 ## - |
| -- |
202311 |
| -- |
Lúcia |
| -- |
55 |
| -- |
Lúcia Elande |
| 942 ## - ELEMENTOS DE ENTRADA ADICIONADOS (KOHA) |
| Fonte da classificação ou esquema de arquivamento na estante |
Classificação AGRIS |
| Ocultar no OPAC |
Não |
| Tipo de material Koha |
Analítica |